| 000 | 01057nam a2200337 a 4500 | ||
|---|---|---|---|
| 003 | AR-BaBNM | ||
| 005 | 20251128204617.0 | ||
| 008 | 082120s2002 ||||||||||||||000 | spa|| | ||
| 020 | _a950-595-082-9 | ||
| 040 | _cAR-BaBNM | ||
| 100 | 1 | _aLabos, Edith | |
| 245 | 0 | 0 |
_aComputación clínica y espacio creativo _bla computadora y los trastornos del lenguaje y aprendizaje |
| 260 |
_aBuenos Aires _bTekné _c1988 |
||
| 300 |
_a144 p. _bdiagr. |
||
| 490 | 0 | _aMetodología y técnica. Informática aplicada | |
| 504 | _aBibliografía: p. 141-144 | ||
| 650 | 4 | _aLENGUAJE DEL NIÑO | |
| 650 | 4 | _aTRASTORNOS DEL HABLA | |
| 650 | 4 | _aDIFICULTAD EN LA LECTURA | |
| 650 | 4 | _aDIFICULTADES EN EL APRENDIZAJE | |
| 650 | 4 | _aENSEÑANZA POR COMPUTADORA | |
| 650 | 4 | _aTEORIAS DEL APRENDIZAJE | |
| 650 | 4 | _aEDUCACION ESPECIAL | |
| 653 | _aDISCAPACIDADES | ||
| 653 | _aPROCESO DE ENSEÑANZA-APRENDIZAJE | ||
| 700 | 1 | _aTarsitano, Virginia | |
| 700 | 1 | _aThompson, Héctor | |
| 700 | 1 |
_aAzcoaga, Juan Enrique _eprologuista |
|
| 942 | _cBK | ||
| 998 | _csilvi | ||
| 999 |
_c8107 _d8107 |
||